[Event "Sautron op 16th"]
[Site "Sautron"]
[Date "2016.10.22"]
[Round "7.3"]
[White "Malakhatko, Vadim"]
[Black "Colin, Vincent"]
[Result "1-0"]
[WhiteElo "2514"]
[BlackElo "2389"]
[Annotator "Primel,D"]
[PlyCount "125"]
[EventDate "2016.10.22"]
[EventType "swiss"]
[EventRounds "9"]
[EventCountry "FRA"]
[SourceTitle "EXT 2019"]
[Source "ChessBase"]
[SourceDate "2018.10.10"]
[SourceVersion "1"]
[SourceVersionDate "2018.10.10"]
[SourceQuality "1"]
[TimeControl "40/5400+30:1800+30"]
[WhiteClock "0:04:06"]
[BlackClock "0:16:25"]

1. d4 {[%emt 0:00:00]} d5 {[%emt 0:02:03]} 2. c4 {[%emt 0:00:00]} c6 {[%emt 0:
00:28]} 3. Nf3 {[%emt 0:00:00]} Nf6 {[%emt 0:00:11]} 4. Qb3 {[%emt 0:00:39]} (
4. Qc2) 4... e6 {[%emt 0:10:02]} (4... dxc4 {L'alternative} 5. Qxc4 Bf5 (5...
Bg4) 6. g3 (6. Nc3)) 5. Bg5 {[%emt 0:06:15]} (5. g3 {Transpose sur une Catalane
}) 5... h6 $5 {[%emt 0:03:46]} 6. Bh4 {[%emt 0:00:47]} (6. Bxf6 Qxf6 7. Nc3 a5
8. e4 $32) 6... Qa5+ {[%emt 0:07:28]} (6... dxc4 7. Qxc4 b5 8. Qc2 Bb7 9. Nbd2
Nbd7 10. e3 Rc8 11. a4 b4 12. Nb3 c5 13. dxc5 Bxc5 14. Nxc5 Nxc5 15. Bb5+ Ke7
16. O-O a6 17. Be2 Qa5 18. Nd2 Nce4 19. Nc4 Qc5 20. f3 Nd6 21. Rac1 Nxc4 22.
Bf2 Qg5 23. h4 Nxe3 24. Qc7+ Rxc7 25. Rxc7+ Kd6 26. hxg5 Kxc7 27. Rc1+ Kd7 28.
gxf6 Nd5 29. fxg7 Rg8 30. Bd4 f6 31. Kf2 Rxg7 32. Rd1 e5 33. Be3 Ke6 34. Bxh6
Rc7 35. Rc1 Rxc1 36. Bxc1 {Jumabayev,R (2606)-Ragger,M (2698) Berlin 2015 1-0 
(76)}) (6... a5 $5 7. a3 a4 8. Qc2 Qa5+ 9. Nbd2 dxc4 10. Qxc4 g5 11. Bg3 Ne4 {
[%cal Ge4d2,Ge4g3]} 12. Be5 f6 $13 {Semcesen,D (2402)-Hillarp Persson,T (2543)
Rilton Cup 38th 2008 (2) 0-1}) 7. Nc3 {[%emt 0:00:29]} Ne4 {[%emt 0:00:53]} 8.
e3 {[%emt 0:01:46]} Nd7 {[%emt 0:03:09]} (8... Bb4 $5 {Plus actif} 9. Rc1 Nd7
10. a3 Bxc3+ 11. bxc3 g5 (11... O-O 12. Bd3 $14 {[%csl Rc8]}) 12. Bg3 h5 13.
Nd2 $14 {Colom Casasayas,O-Bordell Rosell,R (2260) St Cugat op 1994 (6) 1-0})
9. cxd5 $1 {[%emt 0:04:42] Les Noirs n'ont plus l'option cd5 suivi de Nc6} exd5
{[%emt 0:00:25]} 10. Bd3 {[%emt 0:00:13]} Nxc3 $146 {[%emt 0:05:28]} (10... g5
11. Bg3 h5 12. Bxe4 dxe4 13. Ne5 Nxe5 14. Bxe5 Rh6 15. h4 g4 16. O-O Qd8 17. g3
f5 18. Rfd1 Qb6 19. Qc2 Bd7 20. a3 O-O-O 21. b4 Qa6 22. Qb2 Bd6 23. Bxd6 Rxd6
24. Ne2 Qc4 25. Rac1 Qf7 26. Rc5 Kb8 27. Rdc1 Qf6 28. Nf4 Be8 29. Re5 b6 30. a4
Bf7 31. a5 R6d7 32. Ra1 Rc7 33. axb6 axb6 34. Qa3 Rb7 35. b5 c5 36. Qa8+ Kc7
37. Qa6 Rd6 38. dxc5 Qxe5 39. cxd6+ Qxd6 40. Rc1+ {Goreacinic,D (2301)
-Stefanova,A (2481) Differdange 2007 1-0}) 11. bxc3 {[%emt 0:04:07]} Bd6 {
[%emt 0:00:34]} 12. O-O {[%emt 0:01:25]} O-O {[%emt 0:00:15]} (12... Nf8 $5 {
[%cal Gf8e6,Gc8g4]}) 13. a4 {[%emt 0:09:56]} Nb6 {[%emt 0:04:33]} 14. Bg3 $5 {
[%emt 0:05:05][%csl Rc8] Après l'échange, les Noirs garderont un mauvais B} (
14. Nd2 {[%cal Gc3c4]} Be6) 14... Bxg3 {[%emt 0:02:52]} 15. hxg3 {[%emt 0:00:
09]} Re8 {[%emt 0:02:28]} 16. Rfb1 $1 {[%emt 0:15:41][%csl Ra5,Rb6,Rb7] les
pièces Noires sont assez mal placées} Nd7 {[%emt 0:03:01]} 17. Nd2 {[%emt 0:
12:19][%cal Gc3c4]} (17. Qb4 $5 Qxb4 18. cxb4 {[%cal Gb4b5]}) 17... Nf6 {
[%emt 0:01:50]} 18. Qa3 $5 {[%emt 0:01:30][%csl Rb7]} (18. Qc2 {[%cal Gc3c4]})
18... Qc7 {[%emt 0:03:44]} 19. c4 {[%emt 0:00:39]} Be6 {[%emt 0:01:26]} 20. a5
$16 {[%emt 0:01:24][%csl Rb7] Les Noirs vont souffrir à défendre la
faiblesse "b7"} Rad8 {[%emt 0:02:45] Liant les R avant de ramener le B en
défense mais les Noirs manquent de contre-jeu} 21. Qc5 {[%emt 0:08:46]} a6 {
[%emt 0:10:58]} 22. Rb2 {[%emt 0:08:50][%csl Rb7][%cal Ga1b1]} Bc8 {[%emt 0:01:
06]} 23. Nf3 {[%emt 0:07:52]} Ng4 {[%emt 0:06:29]} 24. Qb6 {[%emt 0:02:01]}
Qxb6 {[%emt 0:05:54] Malgré l'échange des Q, les Noirs n'ont toujours pas
égalisé} 25. Rxb6 {[%emt 0:00:08]} dxc4 $1 {[%emt 0:01:21][%csl Gd5][%cal
Gg4f6,Gf6d5]} 26. Bxc4 {[%emt 0:00:13]} Kf8 {[%emt 0:00:06]} 27. Rb2 {[%emt 0:
00:37]} Re7 (27... Nf6 {[%cal Gf6d5]}) 28. Nd2 {[%emt 0:05:06]} Nf6 {[%emt 0:
01:47]} 29. Nb3 $1 $36 {[%emt 0:00:20][%cal Gb3c5]} Ne8 $1 {[%emt 0:01:04]
[%cal Ge8d6,Gd6b7]} 30. Nc5 {[%emt 0:00:23]} Nd6 {[%emt 0:00:11]} 31. Be2 {
[%emt 0:01:52]} f5 $1 {[%emt 0:01:30][%csl Ge4] Un coup affaiblissant mais il
faut éviter la poussée centrale e4e5 pour stabiliser le Nd6} 32. Nd3 {
[%emt 0:01:13][%cal Gd3e5]} g6 {[%emt 0:02:12]} 33. Rc1 {[%emt 0:00:26][%cal
Gc1c5,Gc5e5] Joué à tempo mais ce coup de R est un peu mystérieux} Kg7 {
[%emt 0:00:27]} 34. Ne5 {[%emt 0:00:26]} h5 {[%emt 0:03:06]} 35. f3 {[%emt 0:
00:59]} Nf7 $1 {[%emt 0:00:40] Tentant d'éliminer la meilleure pièce des
Blancs} 36. Nxf7 {[%emt 0:00:22]} Kxf7 {[%emt 0:00:26]} 37. Kf2 {[%emt 0:00:05]
} Kg7 {[%emt 0:00:38]} (37... Rde8 38. Rc3) 38. Bd3 {[%emt 0:00:50]} Rd5 {
[%emt 0:01:15]} 39. Ra1 {[%emt 0:00:07]} Rd8 {[%emt 0:01:00] Un coup d'attente
pour passer le contrôle de temps} 40. Rc2 {[%emt 0:00:00]} Be6 {[%emt 0:00:00]
} 41. Rb1 {[%emt 0:06:34]} Bc8 {[%emt 0:03:38]} 42. Rc5 {[%emt 0:00:54]} Be6 {
[%emt 0:02:26]} (42... Rde8 43. Re1) 43. Re5 $1 {[%emt 0:10:39][%csl Ge5]} Rdd7
{[%emt 0:01:37]} (43... Kf6) 44. Ke2 {[%emt 0:02:21]} Bd5 $5 {[%emt 0:04:27]
Les Noirs continuent de souffrir mais la pression Blanche s'affaiblit un peu.
Le risque des échanges est néanmoins de pouvoir laisser le K Blanc
pénétrer à l'aile-dame via les cases Noires} 45. Rxe7+ {[%emt 0:00:23]} Rxe7
{[%emt 0:00:05]} 46. Kd2 {[%emt 0:00:05]} Kf6 {[%emt 0:01:40]} 47. Re1 {
[%emt 0:00:22][%cal Ge1e3]} Kg5 {[%emt 0:02:17]} 48. e4 {[%emt 0:00:54]} (48.
Kc3 {[%cal Gc3b4,Gb4c5]} h4 49. gxh4+ Kxh4 {[%cal Gh4g3]}) 48... fxe4 {[%emt 0:
00:32]} 49. fxe4 {[%emt 0:00:04]} Bf7 {[%emt 0:00:37]} 50. Kc3 {[%emt 0:03:25]}
Rd7 {[%emt 0:04:32]} 51. Re3 {[%emt 0:00:57][%csl Ge4,Rg3] La finale est moins
claire} Kf6 {[%emt 0:03:26]} 52. Bc4 $1 {[%emt 0:04:19]} Bxc4 {[%emt 0:01:08]}
53. Kxc4 $16 {[%emt 0:00:04][%cal Gc4c5,Gd4d5]} Ke6 {[%emt 0:00:20]} 54. Rf3 $1
{[%emt 0:04:20][%csl Rd7,Gf3]} Ke7 {[%emt 0:02:30]} 55. Kc5 $40 {[%emt 0:00:22]
La différence d'activité donne des trés bonnes chances de gain pour le GMI}
Rd8 {[%emt 0:00:22]} 56. Rb3 {[%emt 0:00:58]} Rd7 {[%emt 0:00:09]} 57. d5 $1 {
[%emt 0:00:22]} cxd5 {[%emt 0:00:58]} 58. exd5 {[%emt 0:00:04][%csl Rg6][%cal
Gb3b6,Gb6e6]} Kf6 {[%emt 0:00:34]} 59. d6 $1 $18 {[%emt 0:00:47][%cal Gb3e3]}
Ke5 {[%emt 0:01:09]} 60. Re3+ {[%emt 0:00:06]} Kf6 {[%emt 0:00:47]} 61. Kd5 {
[%emt 0:00:12] Les Noirs sont en zugzwang} Kf7 {[%emt 0:01:30]} 62. Rc3 {
[%emt 0:01:23]} Kf6 {[%emt 0:02:20]} 63. Rf3+ {[%emt 0:00:07]} 1-0

[Event "Vandoeuvre op 11th"]
[Site "Vandoeuvre"]
[Date "2014.12.27"]
[Round "4"]
[White "Cornette, Matthieu"]
[Black "Wirig, Anthony"]
[Result "0-1"]
[WhiteElo "2571"]
[BlackElo "2483"]
[Annotator "Primel,D"]
[PlyCount "140"]
[EventDate "2014.12.26"]
[EventType "swiss"]
[EventRounds "9"]
[EventCountry "FRA"]
[SourceTitle "EXT 2017"]
[Source "ChessBase"]
[SourceDate "2016.10.25"]
[SourceVersion "1"]
[SourceVersionDate "2016.10.25"]
[SourceQuality "1"]

1. Nf3 d5 2. c4 c6 3. d4 Nf6 4. g3 $5 {Le fianchetto est devenu assez
populaire récemment contre la Slave ou la semi-slave} Bf5 (4... e6 {Aurait
transposé dans une Catalane}) (4... dxc4 5. Bg2 (5. a4 b5 (5... g6 6. Bg2 Bg7
7. O-O O-O 8. Nc3 Nd5) 6. Bg2 e6 (6... Bf5 $6 7. axb5 cxb5 8. Nc3 $36)) (5. Nc3
Bf5 (5... g6 6. Bg2 Bg7) 6. Bg2 e6 7. Ne5 Bb4 8. O-O Nbd7 9. Nxc4 $14) 5... b5
{A nouveau, une ligne critique et les Blancs ont des compensations
raisonnables pour le P sacrifié mais ils doivent obtenir quelque chose de
concret avant que les Noirs n'aient le temps de terminer le développement.} (
5... g6 6. Ne5 (6. Nc3 Bg7 7. O-O O-O 8. a4 a5 9. e4 Nbd7 10. Qe2 Nb6 11. h3
Ne8 12. Be3 (12. Rd1 Nc7 (12... Nd6)) 12... Nd6 13. Rfd1 {Mudrak,J (2362)
-Vitak,P (2185) Tabor op 2011 (4) 1-0}) 6... Be6 7. Na3 (7. e4 Nbd7 8. Bf4 Qb6)
7... Bd5 8. f3 b5 9. e4 $13 (9. O-O Bg7 10. e4 Be6 11. f4 O-O 12. Be3 a6 $13)
9... Be6 10. f4 Bg7 11. O-O O-O 12. Nc2 Qc8 13. a4 Bh3 $15 {Eljanov,P (2706)
-Malakhov,V (2707) World Cup ACP rapid 2013 (1.2) 0-1}) 6. O-O Bb7 7. a4 e6 {
Transpose dans la variante ouverte dc4 suivi de b7b5 de la Catalane} 8. Ne5 a6
9. b3 (9. Nc3 Nd5 10. e4 Nxc3 11. bxc3 Nd7 12. f4 Be7 13. Ng4 O-O 14. Ne3 {
[%cal Gd4d5]} c5 15. d5 exd5 16. e5 $1 Re8 17. Nxd5 $44 {Williams,S (2487)
-Haslinger,S (2450) BCF-chT 0607 (4NCL) 2006 (10.1) 1/2}) 9... cxb3 10. Bb2 {
Kaidanov,G (2629)-Galkin,A (2568) Moscow Aeroflot op-A 2003 (6) 1/2}) (4... Bg4
5. Ne5 Bf5 6. Nc3 e6 7. Bg2 Nbd7 8. O-O Be7 9. Qb3 Qb6 10. Nxd7 Nxd7 11. e4 $14
{Romanishin,O (2580)-Dorfman,J (2540) URS-ch FL48 Tashkent 1980 1/2}) 5. Nc3 e6
6. Nh4 {La variante à la mode, les Blancs retardent la sortie du Bg2 et la
position ressemble à la ligne 4.e3 Bf5 Dans certains cas, le Bf1 sera
développé sur la diagonale a6f1} (6. Qb3) (6. Bg2 h6 {C'est l'inconvénient
de jouer le coup naturel Bg2 qui laisse un temps de répit aux Noirs pour
sauver la paire de B}) 6... Be4 $1 {provoquant un petit affaiblissement} (6...
Bg6 7. Nxg6 (7. Qb3 Qb6) 7... hxg6 8. Qd3 Nbd7 9. Bg2 Be7 10. O-O O-O 11. Rd1 {
Giri,A (2749)-Buhmann,R (2582) Bundesliga 1314 2013 (2.1) 1-0}) (6... Bg4 7. f3
{Wagner (2340)-Bailet (2345) Vandoeuvre op 11th 2014 (6) 1-0}) 7. f3 Bg6 8. Qb3
Qd7 (8... Qb6 {La grande ligne} 9. c5 Qc7 10. Bf4 $14 {Laznicka,V (2676)
-Perunovic,M (2602) Tromso ol (Men) 41st 2014 (4.2) 1-0}) 9. Nxg6 (9. c5 Be7 (
9... b6 10. cxb6 axb6 11. Bf4 $14 {Brunello,S (2586)-Godena,M (2512) Bergamo
op 11th 2012 (5) 1/2})) (9. Bg2) (9. Be3) 9... hxg6 10. Be3 {[%cal Ge3f2,Ge2e4]
} (10. Bg5) 10... Be7 11. Bf2 {[%cal Ge2e4]} O-O 12. O-O-O $5 (12. Bg2 Na6 13.
O-O $14 {[%csl Gf2,Gg2][%cal Ge2e4] Avec le centre et la paire de B, les
Blancs gardent un petit avantage d'ouverture.}) 12... dxc4 13. Qxc4 a5 14. Qb3
b5 15. a4 {[%csl Rc1] Un coup risqué} Na6 $5 16. axb5 a4 $1 17. bxc6 $2 {
Perdant le sens du danger} (17. Qxa4 $8 Nb4 18. Qb3 $13) 17... Qxc6 18. Qxa4
Qc7 {[%csl Ra4,Rc1]} 19. e4 Nb4 $40 {[%csl Ra4,Rc1]} 20. Qb3 Na2+ $2 (20...
Rfb8 {[%cal Gb8b3,Gb4a2]} 21. Kb1 Qa7 $19 (21... Na2 22. Nb5)) 21. Kd2 Rfb8 {
Trop tard!} 22. Nb5 Qa5+ 23. Ke3 $13 Nb4 24. Be1 Rxb5 25. Bxb5 Qxb5 26. Bxb4 (
26. Kf2 $142 {[%cal Gf2g2]}) 26... Bxb4 27. Rd3 Rb8 $17 28. Qc2 e5 29. dxe5
Qxe5 30. Rc1 Ba5 {[%csl Rb2]} 31. Rb3 Bb6+ 32. Ke2 {D'où l'intérêt de jouer
26.Kf2, suivi de Kg2} Qd4 {[%cal Gd4f2]} 33. Rf1 g5 $1 {[%cal Gg5g4]} 34. Qd3
Qc5 35. Qc3 Qe7 36. Qc6 Qa7 37. Rd1 Bc7 38. Rxb8+ Qxb8 39. Rc1 $132 {En ayant
joué passivement les derniers coups probablement à cause du zeitnot, les
Noirs ont laissé les Blancs revenir dans la partie.} Bd8 40. Rc2 Kh7 {La
différence de sécurité entre les deux K est un facteur important et celui
des Blancs reste exposé.} (40... g4 $5 {[%csl Re2][%cal Gf6e4]}) 41. Qc8 Qb5+
42. Qc4 Qe8 43. Qc6 Qe7 44. Qc5 $1 {[%cal Gc5e7,Gc5g5]} Qb7 45. Qxg5 {La
partie a basculé} g6 46. Qc5 Kg7 47. Qc6 Qb3 48. Qc4 Qb6 49. Kf1 Be7 50. Kg2
$1 {Le K Blanc est maintenant en sécurité et la position Blanche est
quasiment gagnée.} Bb4 51. e5 (51. Qc6) 51... Nd7 52. Qd5 Nf8 53. Qc6 (53. Rc6
Qa7 54. Qd8 {[%cal Gd8f6]} Qa2 55. Qf6+ Kg8 56. Rc7 Qxb2+ 57. Kh3 Qb3 $13 {
[%cal Gb3f7]}) 53... Qd4 54. Qc4 Qb6 55. Qh4 $1 {[%cal Gh4f6]} Ne6 $1 {Le N
centralisé est un bon défenseur et les Blancs n'ont plus d'attaque sur le K
Noir malgré l'affaiblissement de la case "f6"} 56. Rc4 (56. Qf6+) 56... Bf8
57. b4 (57. Qf6+ Kg8 $15) 57... Qe3 58. Rc2 Qxe5 59. Qc4 Nd4 60. Rd2 Nf5 {
[%csl Gf5][%cal Gf5e3]} 61. Qb3 Qe1 62. Rd7 $2 {Ultime rebondissement dans
cette partie, le tournoi se jouait à la cadence de 1h30 KO avec deux rondes
par rondes, ce qui explique les erreurs réciproques.} Ne3+ 63. Kh3 Qf1+ 64.
Kh4 Be7+ $1 65. Rxe7 Nf5+ 66. Kg4 Nxe7 67. Qc3+ f6 68. Qc5 Kf7 69. b5 Qe2 70.
Qb6 Qxh2 0-1

[Event "POL-chT 66th"]
[Site "Katowice"]
[Date "2010.09.09"]
[Round "6"]
[White "Socko, Bartosz"]
[Black "Dziuba, Marcin"]
[Result "1/2-1/2"]
[WhiteElo "2657"]
[BlackElo "2579"]
[Annotator "RR"]
[PlyCount "96"]
[EventDate "2010.09.04"]
[EventType "team-tourn"]
[EventRounds "9"]
[EventCountry "POL"]
[SourceTitle "EXT 2016"]
[Source "ChessBase"]
[SourceDate "2015.10.08"]
[SourceVersion "1"]
[SourceVersionDate "2015.10.08"]
[SourceQuality "1"]
[WhiteTeam "Katowice Szopienice"]
[BlackTeam "Lublin"]
[WhiteTeamCountry "POL"]
[BlackTeamCountry "POL"]

1. d4 d5 2. c4 c6 3. e3 Nf6 4. Nf3 a6 5. Bd3 Bg4 6. Qb3 (6. Nbd2 e6 7. b3 c5 8.
Bb2 cxd4 9. exd4 Bb4 10. Be2 Ne4 11. O-O Nxd2 12. Nxd2 Bxe2 13. Qxe2 Bxd2 14.
Qxd2 O-O 15. Rfe1 Nc6 16. Re3 Qd7 17. Rae1 Rad8 18. Rg3 f6 19. c5 Rfe8 20. Rge3
Re7 21. b4 Rde8 22. a4 e5 23. dxe5 Nxe5 24. b5 axb5 25. axb5 Qxb5 26. Bxe5 fxe5
27. Qxd5+ Kh8 28. h3 h6 29. Rxe5 Rxe5 30. Rxe5 Rxe5 31. Qxe5 Kg8 32. Qd5+ Kf8
33. Kh2 Ke7 34. Qe5+ Kf7 35. Qc7+ Kg8 {Bu,X (2691)-Erenburg,S (2601) Las Vegas
2014 1/2-1/2}) 6... Bxf3 7. gxf3 (7. Qxb7 Bxg2 8. Rg1 dxc4 9. Qxa8 cxd3 10.
Rxg2 Qc7 $44 {[%csl Ra8];Sorokin,M (2560)-Alavkin,A (2485) RUS-Cup 300 years
2003 (3) 1/2}) 7... Ra7 (7... Qc7 {Plus naturel} 8. Nc3 e6 9. Bd2) 8. Nc3 e6 9.
c5 $1 {[%csl Ra7,Rb6,Rb7]} Nbd7 10. f4 {[%csl Ge5]} g6 $5 $146 {Proposé par
HUEBNER mais sans donner de suite} (10... Nh5 11. Be2 g6 12. Bxh5 gxh5 13. Qd1
Qh4 14. h3 Rg8 15. Bd2 f5 16. Qf3 b6 17. cxb6 Nxb6 18. Rc1 Kd7 19. Ne2 a5 20.
Rg1 Rg6 21. Rxg6 hxg6 22. Qg2 Qf6 23. Rc2 Nc4 24. Nc1 a4 25. Nd3 Bd6 26. Bb4
Bxb4+ 27. Nxb4 Rc7 28. Na6 Ra7 29. Nb8+ Kc8 30. Nxc6 Rc7 31. Ne5 Nxe5 32. Rxc7+
Kxc7 33. fxe5 Qe7 34. Qxg6 Qb4+ 35. Kf1 Qxb2 36. Qf7+ Kd8 37. Qf8+ {1-0 (37)
Khenkin,I (2604)-Braun,A (2463) Altenkirchen 2005}) 11. Bd2 Bg7 12. O-O-O $32 {
[%csl Ra7]} Ng4 13. Be1 f5 14. h3 Ngf6 15. f3 Nh5 {[%csl Rg3]} 16. Na4 O-O 17.
Kb1 Bf6 18. Rc1 a5 19. Qd1 Qe7 20. Rh2 Rb8 21. Rhc2 {Un plan original} Qe8 22.
Bf2 Bd8 23. Qe1 Qe7 24. Bf1 Kf7 25. Rc3 Raa8 26. Rb3 {[%csl Rb6] Les Blancs
ont plus d'espace pour manoeuvrer mais l'avantage est minime} h6 27. Ka1 Qf6
28. Qd2 Bc7 29. Be1 Qe7 30. Qf2 Qf6 31. Bd2 Qe7 32. Qe1 Qd8 33. Rbc3 Qf6 34.
R3c2 {Visiblement, les deux camps attendent de passer le contrôle de temps
avant de tenter quelque chose} Ra7 35. Nc3 a4 $1 {[%csl Rb2]} 36. Nb1 $6 {
[%csl Rb1]} g5 37. fxg5 hxg5 38. Bc3 Raa8 39. Rg2 f4 40. e4 Ng3 41. Bd3 Rh8 42.
e5 Qg7 43. Rh2 Rh4 {[%csl Rh3]} 44. Qg1 Qh6 (44... Rah8) 45. Qg2 Rh8 46. Qc2
Ra8 47. Qg2 Rh8 48. Qc2 Ra8 1/2-1/2

[Event "POL-chT 66th"]
[Site "Katowice"]
[Date "2010.09.04"]
[Round "1"]
[White "Socko, Bartosz"]
[Black "Hnydiuk, Aleksander"]
[Result "1/2-1/2"]
[WhiteElo "2657"]
[BlackElo "2448"]
[Annotator "RR"]
[PlyCount "86"]
[EventDate "2010.09.04"]
[EventType "team-tourn"]
[EventRounds "9"]
[EventCountry "POL"]
[SourceTitle "EXT 2016"]
[Source "ChessBase"]
[SourceDate "2015.10.08"]
[SourceVersion "1"]
[SourceVersionDate "2015.10.08"]
[SourceQuality "1"]
[WhiteTeam "Katowice Szopienice"]
[BlackTeam "Prokonex"]
[WhiteTeamCountry "POL"]
[BlackTeamCountry "POL"]

1. d4 d5 2. c4 c6 3. e3 Nf6 4. Nf3 a6 5. Bd3 Bg4 (5... b5) 6. Qb3 (6. Nbd2 e6
7. b3 Nbd7 8. Bb2 Bd6 9. Qc2 Qe7 10. Ne5 Bh5 11. O-O Bg6 12. f4 Bxd3 13. Qxd3
Bb4 14. Bc3 Bxc3 15. Qxc3 O-O 16. c5 Nxe5 17. fxe5 Nd7 18. e4 f6 19. exf6 Rxf6
20. e5 Rxf1+ 21. Rxf1 Rf8 22. Qg3 Rxf1+ 23. Kxf1 Qf7+ 24. Ke2 Qf5 25. Qh4 g5
26. Qh5 Nf8 27. g4 Qg6 28. Qxg6+ Nxg6 29. b4 Nh8 30. Nf3 Nf7 31. Kd3 Kf8 32.
Kc3 Ke7 33. Kb3 a5 34. bxa5 Kd7 35. Ne1 Nh8 {Krasenkow,M (2635)-Postny,E (2641)
Saint Quentin 2014 1/2-1/2}) 6... Bxf3 7. gxf3 Ra7 (7... Qc7 8. Nc3) 8. Nc3 e6
9. f4 {[%csl Ge5]} (9. c5 {[%csl Ra7,Rb6]} Nbd7 10. f4) 9... dxc4 10. Bxc4 b5
11. Be2 c5 12. dxc5 Bxc5 13. O-O $146 (13. Bd2 Rc7 14. Bf3 O-O 15. Ne2 Nbd7 16.
O-O Qb8 17. Rfd1 Rfc8 18. Rac1 Qb6 19. Qd3 h6 20. b4 Bf8 21. Rxc7 Qxc7 22. Rc1
Qb8 23. Rxc8 Qxc8 24. Kf1 Nb6 25. Qd4 Nc4 26. Be1 Qc7 27. Bc3 Bd6 28. Qd3 Bf8
29. Kg2 Be7 30. Ng3 Nd5 31. Bxd5 exd5 32. Nf5 Bf8 33. Qd4 Qd7 34. e4 Qe6 35.
Qxd5 Qg6+ 36. Ng3 Qg4 37. Qa8 Qxf4 38. Bxg7 Qd6 39. Bxf8 Qxf8 40. Qxa6 Qxb4 41.
Qxh6 Qb1 42. Qg5+ Kh7 {Kuzubov,Y (2634)-Bromann,T (2434) Reykjavik 2010 1-0})
13... O-O 14. Rd1 Rd7 15. a3 Qe7 {[%cal Gf8d8]} 16. Bd2 {Les Blancs ont du mal
à activer la paire de B} e5 $1 17. fxe5 Qxe5 18. Qc2 Bb6 19. Kg2 Qg5+ 20. Kh1
Qh4 21. Qf5 Bc7 $36 22. h3 Nc6 23. Be1 Ne7 24. Qf3 Rfd8 {Les pièces Noires
sont nettement plus actives} 25. Rxd7 Rxd7 26. Qg2 Ned5 $2 {Provoque une
simplification qui va soulager les Blancs et permettre enfin l'activation de
la paire de B} (26... g6 27. Rd1 Rxd1 28. Bxd1 Kg7 $11) 27. Nxd5 (27. a4 $5 {
[%cal Ga1a8]} b4 28. f4 {[%cal Ge1h4]} Qh6 29. Nxd5 Nxd5 30. Bg4 $16) 27...
Nxd5 28. Bg4 Rd8 (28... Rd6 {[%cal Gd6g6]}) 29. Rc1 Qe7 (29... Be5 $4 30. Ba5)
30. Bf3 Nf6 31. Bb4 Bd6 32. Ba5 Re8 33. Rc6 Be5 34. Rxa6 Bxb2 35. Bb4 Qc7 {
[%csl Rh1]} 36. Qg5 $6 Qc8 $1 $40 {[%cal Gc8a6,Gc8h3]} 37. Qxb5 Qxh3+ 38. Kg1
Qxf3 39. Rxf6 $8 Qg4+ 40. Kf1 $13 Rc8 41. Rc6 Qh3+ 42. Ke2 (42. Ke1 Qh1+) 42...
Qg4+ 43. Kf1 Qh3+ 1/2-1/2

[Event "Syre Memorial op 33th"]
[Site "Issy les Moulineaux"]
[Date "2010.05.15"]
[Round "3"]
[White "Mullon, Jean Baptiste"]
[Black "Sorbe, Stephane"]
[Result "0-1"]
[WhiteElo "2456"]
[BlackElo "2325"]
[Annotator "RR"]
[PlyCount "113"]
[EventDate "2010.05.13"]
[EventType "swiss"]
[EventRounds "6"]
[EventCountry "FRA"]
[SourceTitle "EXT 2011"]
[Source "ChessBase"]
[SourceDate "2010.11.26"]
[SourceVersion "1"]
[SourceVersionDate "2010.11.26"]
[SourceQuality "1"]

1. Nf3 Nf6 2. c4 c6 3. d4 d5 4. e3 Bg4 5. h3 (5. Qb3 {la dernière mode} Qb6 {
Franco Alonso,A (2479)-Van Dongen,P (2329) Malakoff op 09th 2009 (6) 1/2}) 5...
Bxf3 (5... Bh5) 6. Qxf3 e6 {En contrepartie de la paire de B, le centre noir
est trés solide et il n'est pas facile d'ouvrir le jeu} 7. Bd3 Nbd7 8. O-O (8.
Nc3 {Plus souple pour garder l'option du OOO} Bd6 9. Bd2 $14 {[%cal Ge1g1,
Ge1c1]}) 8... Bd6 9. Nc3 O-O 10. Bd2 Re8 {[%cal Ge6e5]} 11. Rad1 (11. Qd1 $142
$5 {Un coup sophistiqué qui est trés populaire chez les top GMI. Les blancs
anticipent la poussée e5 qui menacent e5e4 et ils vont recycler la Q sur la
diagonale b1h7 ou elle fera pression sur les cases blanches. Au surplus, les
blancs ont l'option f2f4 fixant la case "e5"} dxc4 12. Bxc4 $14 {Sasikiran,K 
(2711)-L'Ami,E (2603) Corus-B Wijk aan Zee 2009 (1) 1/2}) (11. Rfd1 Qe7 $132 {
Delchev,A (2637)-Movsesian,S (2637) ESP-chT Honor Gp1 2006 (3) 0-1}) (11. Rae1
dxc4 12. Bxc4 e5 13. Bb3 $14 {[%csl Gb3,Rf7]}) 11... Qe7 $11 12. Rfe1 $146 (12.
cxd5 {Elissalt Cardenas,H (2317)-San Segundo Carrillo,P (2570) Collado
Villalba op-A 26th 2009 (4) 0-1}) (12. e4 e5 $132) 12... e5 13. Qe2 (13. Qf5 e4
) 13... exd4 14. exd4 Qxe2 15. Bxe2 dxc4 $1 {les noirs vont obtenir une forte
case "d5" bloquant le P isolé et les blancs peuvent difficilement exploiter la
paire de B.} 16. Bxc4 Nb6 {[%cal Gb6c4,Gb6d5]} 17. Bb3 h6 18. g3 Rad8 19. Rxe8+
Rxe8 20. Kg2 Rd8 21. Kf3 Bc7 {Début d'une finale complexe où la paire de B
donne un léger avantage en contrepartie de la meilleure structure noire.} (
21... Kf8) 22. Be1 (22. Ne4 Nxe4 (22... Rxd4 23. Nxf6+ gxf6 24. Bxh6) 23. Kxe4
Nd5 24. Re1 Re8+ 25. Kd3 Rxe1 26. Bxe1 f5 $11 {[%csl Ge4][%cal Gg8f7]}) 22...
g6 23. a3 Kg7 24. Ba2 Nbd5 $11 25. Na4 {[%cal Ga4c5]} Ne7 26. Bc3 $6 b6 {
[%csl Ra4,Rc3]} 27. b4 {Le Bc3 commence а devenir assez mauvais} Nfd5 28. Ba1
Ra8 29. Nc3 a6 30. Rc1 Ra7 31. Bb2 Kf8 32. Bb3 Rb7 33. Rc2 Nxc3 34. Rxc3 b5 35.
Ke4 Bb6 36. Rf3 Nd5 37. Kd3 (37. Bxd5 Re7+ 38. Kd3 cxd5 39. Rf6 Re6 40. Rxe6
fxe6 $15 {[%csl Rb2]}) 37... Re7 38. g4 Kg7 39. Bc1 Re1 $1 40. Bb2 Rb1 $36 41.
Kc2 Rf1 42. Kd2 Bd8 43. Ba2 $6 (43. Bc2 Bg5+ 44. Ke2 $11) 43... Bg5+ {les
pièces noires commencent а être très actives.} 44. Ke2 Rh1 45. Bxd5 cxd5 46.
Rc3 Rb1 47. Rc2 Bf4 48. Kf3 g5 $17 49. h4 f6 50. hxg5 hxg5 51. Kg2 Kf7 52. Kf3
Ke7 53. Ke2 Kd7 54. Bc3 Rb3 55. Be1 Bd6 56. Rc3 Rb1 57. Bd2 {suite illisible
et gain noir au 72ème coup} 0-1